Handbook of the Indian flora being a guide to all the flowering plants (Record no. 400169)

000 -LEADER
fixed length control field 00465cam a22001457a 4500
008 - FIXED-LENGTH DATA ELEMENTS--GENERAL INFORMATION
fixed length control field 180718b1984 xxu||||| |||| 00| 0 eng d
082 ## - DEWEY DECIMAL CLASSIFICATION NUMBER
Classification number Y4x54 D843h
100 ## - MAIN ENTRY--PERSONAL NAME
Personal name Drury, H.
245 ## - TITLE STATEMENT
Title Handbook of the Indian flora being a guide to all the flowering plants
Statement of responsibility, etc. by H.Drury
260 ## - PUBLICATION, DISTRIBUTION, ETC.
Place of publication, distribution, etc. Dehradun
Name of publisher, distributor, etc. Bishan Singh Mahendra Pal Singh
Date of publication, distribution, etc. 1984
300 ## - PHYSICAL DESCRIPTION
Extent 3v.
500 ## - GENERAL NOTE
General note Contents: v.1. 656p.;v.2. 604p;v.3. 704p.
650 ## - SUBJECT ADDED ENTRY--TOPICAL TERM
Topical term or geographic name entry element Plants, Flowering of
650 ## - SUBJECT ADDED ENTRY--TOPICAL TERM
Topical term or geographic name entry element Flowers
Holdings
Withdrawn status Lost status Damaged status Not for loan Permanent Location Current Location Date acquired Full call number Barcode Date last seen Price effective from Koha item type
        Indian Institute of Public Administration Indian Institute of Public Administration 2002-09-23 Y4x54 D843h 75738 2018-07-21 2018-07-21 Book
        Indian Institute of Public Administration Indian Institute of Public Administration 2002-10-08 Y4x54 D843h 75737 2018-07-21 2018-07-21 Book
        Indian Institute of Public Administration Indian Institute of Public Administration 2002-10-08 Y4x54 D843h 75736 2018-07-21 2018-07-21 Book

Powered by Koha